ইংলিশে দুর্বলদের জন্য - English Therapy / (Record no. 87549)
[ view plain ]
| 000 -LEADER | |
|---|---|
| fixed length control field | 00674nam a22002057a 4500 |
| 001 - CONTROL NUMBER | |
| control field | 0080843 |
| 003 - CONTROL NUMBER IDENTIFIER | |
| control field | BD-SySUS |
| 005 - DATE AND TIME OF LATEST TRANSACTION | |
| control field | 20260121111337.0 |
| 008 - FIXED-LENGTH DATA ELEMENTS--GENERAL INFORMATION | |
| fixed length control field | 16042720041996bg a 001 0 eng d |
| 040 ## - CATALOGING SOURCE | |
| Original cataloging agency | BD-SySUS |
| Language of cataloging | BD-SySUS |
| Transcribing agency | BD-SySUS |
| Modifying agency | BD-SySUS |
| 082 ## - DEWEY DECIMAL CLASSIFICATION NUMBER | |
| Edition number | 22 |
| Classification number | 423.9144 |
| Item number | ISE |
| 100 1# - MAIN ENTRY--PERSONAL NAME | |
| Personal name | ইসলাম, সাইফুল |
| 9 (RLIN) | 71034 |
| 245 10 - TITLE STATEMENT | |
| Title | ইংলিশে দুর্বলদের জন্য - English Therapy / |
| Remainder of title | |
| Statement of responsibility, etc. | সাইফুল ইসলাম |
| 250 ## - EDITION STATEMENT | |
| Edition statement | 3rd ed. |
| 260 ## - PUBLICATION, DISTRIBUTION, ETC. (IMPRINT) | |
| Place of publication, distribution, etc. | ঢাকা : |
| Name of publisher, distributor, etc. | English Therapy, |
| Date of publication, distribution, etc. | 2023. |
| 300 ## - PHYSICAL DESCRIPTION | |
| Extent | 608 p. : |
| Other physical details | ill. ; |
| Dimensions | 18 cm. |
| 500 ## - GENERAL NOTE | |
| General note | Includes index. |
| 650 #0 - SUBJECT ADDED ENTRY--TOPICAL TERM | |
| Topical term or geographic name as entry element | Dictionary. |
| 9 (RLIN) | 18396 |
| 942 ## - ADDED ENTRY ELEMENTS (KOHA) | |
| Source of classification or shelving scheme | Dewey Decimal Classification |
| Koha item type | Books |
| Withdrawn status | Lost status | Source of classification or shelving scheme | Damaged status | Not for loan | Home library | Current library | Shelving location | Date acquired | Total Checkouts | Full call number | Barcode | Date last seen | Date last checked out | Copy number | Price effective from | Koha item type | Checked out |
|---|---|---|---|---|---|---|---|---|---|---|---|---|---|---|---|---|---|
| Dewey Decimal Classification | Central Library, SUST | Central Library, SUST | General Stacks | 21/01/2026 | 1 | 423.9144 ISE | 0080843 | 29/03/2026 | 04/03/2026 | 1 | 21/01/2026 | Books | |||||
| Dewey Decimal Classification | Central Library, SUST | Central Library, SUST | General Stacks | 21/01/2026 | 2 | 423.9144 ISE | 0080844 | 12/04/2026 | 12/04/2026 | 2 | 21/01/2026 | Books | 22/04/2026 |
